[Event "African Online-ch U20-Open 2021"]
[Site "Online"]
[Date "2021.02.01"]
[Round "8.15"]
[White "Darius Patlo Banda"]
[Black "van der Merwe, Alexander"]
[Result "0-1"]
[WhiteElo "1369"]
[BlackElo "1655"]
[Annotator "NA RC"]
[PlyCount "54"]
[EventDate "2021.02.01"]
[EventType "swiss"]
[EventCountry "NET"]
[SourceTitle "playchess.com"]
[Source "ChessBase"]
[SourceQuality "1"]
[TimeControl "1500+10"]

1. d4 {[%emt 0:00:00]} Nf6 {[%emt 0:00:04]} 2. c4 {[%emt 0:00:06]} c5 {[%emt 0:00:03]} 3. d5 {[%emt 0:00:10]} b5 {[%emt 0:00:04]} 4. cxb5 {[%emt 0:00:20]} a6 {[%emt 0:00:54]} 5. Nc3 {[%emt 0:00:44]} axb5 {[%emt 0:00:08]} 6. Nxb5 {[%emt 0:00:17]} Ba6 {[%emt 0:00:03]} 7. Nc3 {[%emt 0:00:08]} g6 {[%emt 0:00:05]} 8. e4 {[%emt 0:00:04]} Bxf1 {[%emt 0:00:02]} 9. Kxf1 {[%emt 0:00:07]} d6 {[%emt 0:00:03]} 10. Bg5 {[%emt 0:00:05]} Bg7 {[%emt 0:00:04]} 11. Nf3 {[%emt 0:00:16]} Nbd7 {[%emt 0:00:12]} 12. Ke2 {[%emt 0:00:09]} O-O {[%emt 0:00:09]} 13. Re1 {[%emt 0:00:06]} Qa5 {[%emt 0:00:06]} 14. Kf1 {[%emt 0:00:18]} Rfb8 {[%emt 0:00:04]} 15. Qc2 {[%emt 0:00:12]} h6 {[%emt 0:00:41]} 16. Bd2 {[%emt 0:00:28]} Ng4 {[%emt 0:00:19]} 17. h3 {[%emt 0:00:23]} Nge5 {[%emt 0:00:05]} 18. Nxe5 {[%emt 0:00:28]} Nxe5 {[%emt 0:00:03]} 19. Kg1 {[%emt 0:00:08]} Nc4 {[%emt 0:00:34]} 20. Reb1 {[%emt 0:01:20]} Rb7 {[%emt 0:00:41]} 21. a3 {[%emt 0:01:22]} Rab8 {[%emt 0:04:54]} 22. Bc1 {[%emt 0:01:05]} Kh7 {[%emt 0:05:29]} 23. Kf1 {[%emt 0:04:35]} Qb6 {[%emt 0:01:43]} 24. b4 {[%emt 0:03:13]} cxb4 {[%emt 0:01:23]} 25. Rxb4 {[%emt 0:00:18]} Qa6 {[%emt 0:01:01]} 26. Rxb7 {[%emt 0:10:37]} Ne3+ {[%emt 0:00:12]} 27. Kg1 {[%emt 0:02:17]} Qf1+ {[%emt 0:00:10]} 0-1

[Event "African Online-ch U20-Open 2021"]
[Site "Online"]
[Date "2021.02.01"]
[Round "8.16"]
[White "Masaiti, Gideon"]
[Black "Palmer, Reegan"]
[Result "0-1"]
[WhiteElo "1442"]
[BlackElo "1325"]
[Annotator "NA RC"]
[PlyCount "76"]
[EventDate "2021.02.01"]
[EventType "swiss"]
[EventCountry "NET"]
[SourceTitle "playchess.com"]
[Source "ChessBase"]
[SourceQuality "1"]
[TimeControl "1500+10"]

1. e4 {[%emt 0:00:00]} e5 {[%emt 0:00:05]} 2. Nf3 {[%emt 0:00:04]} Nc6 {[%emt 0:00:03]} 3. Bc4 {[%emt 0:00:04]} Nf6 {[%emt 0:00:02]} 4. d3 {[%emt 0:00:04]} d6 {[%emt 0:00:33]} 5. Nc3 {[%emt 0:00:41]} Bg4 {[%emt 0:00:12]} 6. Bg5 {[%emt 0:00:23]} Nd4 {[%emt 0:00:54]} 7. h3 {[%emt 0:00:18]} Bxf3 {[%emt 0:00:54]} 8. gxf3 {[%emt 0:00:05]} Be7 {[%emt 0:00:02]} 9. Nb5 {[%emt 0:00:30]} Nxb5 {[%emt 0:00:06]} 10. Bxb5+ {[%emt 0:00:03]} c6 {[%emt 0:00:02]} 11. Bxf6 {[%emt 0:00:09]} Bxf6 {[%emt 0:00:06]} 12. Bc4 {[%emt 0:00:04]} Bg5 {[%emt 0:00:26]} 13. Qe2 {[%emt 0:00:09]} O-O {[%emt 0:00:27]} 14. h4 {[%emt 0:00:07]} Bf4 {[%emt 0:00:03]} 15. Qf1 {[%emt 0:00:14]} a5 {[%emt 0:00:49]} 16. a3 {[%emt 0:00:05]} d5 {[%emt 0:00:10]} 17. Bb3 {[%emt 0:00:55]} a4 {[%emt 0:00:03]} 18. Ba2 {[%emt 0:00:08]} Qa5+ {[%emt 0:00:03]} 19. c3 {[%emt 0:00:08]} d4 {[%emt 0:00:02]} 20. Ke2 {[%emt 0:01:05]} dxc3 {[%emt 0:00:08]} 21. bxc3 {[%emt 0:00:23]} Qxc3 {[%emt 0:00:03]} 22. Qd1 {[%emt 0:00:03]} Rad8 {[%emt 0:00:09]} 23. Rb1 {[%emt 0:09:51]} b5 {[%emt 0:00:29]} 24. Rb4 {[%emt 0:01:13]} Qxa3 {[%emt 0:00:13]} 25. Qb1 {[%emt 0:00:08]} Rxd3 {[%emt 0:01:13]} 26. Qxd3 {[%emt 0:01:29]} Qxb4 {[%emt 0:00:18]} 27. Rd1 {[%emt 0:01:16]} Qb2+ {[%emt 0:00:19]} 28. Rd2 {[%emt 0:00:30]} Bxd2 {[%emt 0:00:07]} 29. Qxd2 {[%emt 0:00:03]} Qxd2+ {[%emt 0:00:02]} 30. Kxd2 {[%emt 0:00:02]} Rd8+ {[%emt 0:00:06]} 31. Kc2 {[%emt 0:00:06]} Rd4 {[%emt 0:00:03]} 32. Kc3 {[%emt 0:00:08]} c5 {[%emt 0:00:08]} 33. Bd5 {[%emt 0:00:05]} b4+ {[%emt 0:00:01]} 34. Kc2 {[%emt 0:00:05]} c4 {[%emt 0:00:01]} 35. Bc6 {[%emt 0:00:15]} a3 {[%emt 0:00:11]} 36. Bb5 {[%emt 0:00:09]} b3+ {[%emt 0:00:04]} 37. Kc3 {[%emt 0:00:15]} a2 {[%emt 0:00:01]} 38. Kb2 {[%emt 0:00:03]} c3+ {[%emt 0:00:02]} 0-1

[Event "African Online-ch U20-Open 2021"]
[Site "Online"]
[Date "2021.02.01"]
[Round "8.17"]
[White "Potgieter, Edward"]
[Black "Tong, William M"]
[Result "1-0"]
[WhiteElo "1229"]
[BlackElo "1985"]
[Annotator "TA"]
[PlyCount "105"]
[EventDate "2021.02.01"]
[EventType "swiss"]
[EventCountry "NET"]
[SourceTitle "playchess.com"]
[Source "ChessBase"]
[SourceQuality "1"]

{[%evp 27,105,24,25,14,22,21,11,4,13,1,6,0,5,-59,-58,-227,-226,-215,-212,-214,-213,-260,-253,-250,-240,-494,-298,-310,-300,-300,-300,-300,-295,-302,-276,-311,-283,-278,-270,-377,-323,-340,-329,-318,-329,-482,-220,-254,267,284,295,310,328,340,502,486,475,459,586,585,1158,1050,1065,1392,1296,996,4906,4727,6091,5579,4731,4722,29971,29971,29981,29982,29982,29983,29976,29975]} 1. e4 c5 2. Nf3 Nc6 3. d4 cxd4 4. Nxd4 Nf6 5. Nc3 e5 6. Ndb5 d6 7. Bg5 a6 8. Na3 b5 9. Nd5 Be7 10. Bxf6 Bxf6 11. c3 O-O 12. Nc2 Bg5 13. a4 bxa4 14. Rxa4 Ne7 {[%cal Bc6e7,Be7d5,Bd5f4,Bf4d3][%mdl 32]} 15. h4 {B33: Sicilian: Pelikan and Sveshnikov Variations.} Bh6 16. Nce3 Bxe3 17. Nxe3 {The position is equal.} Bb7 {[#]} 18. Bd3 $146 ({Predecessor:} 18. Nd5 a5 19. Bc4 Kh8 20. Nxe7 Qxe7 21. Bd5 Bxd5 22. Qxd5 Rab8 23. Rxa5 Rxb2 24. O-O {½-½ (41) Leconte,M (2251)-Skripchenko,A (2435) Saint-Quentin 2015}) 18... d5 19. exd5 Nxd5 20. Rg4 ({Better is} 20. Nxd5 $11 Bxd5 21. O-O) 20... Nf4 $15 21. Be2 (21. Bc4 $15) 21... Qxd1+ $19 22. Bxd1 f5 $1 {[%cal Rf5g4]} 23. Rg5 h6 $1 {[%cal Rh6g5]} 24. Rg3 Nd3+ 25. Ke2 {[#]} f4 $1 26. Rg6 $2 (26. Kxd3 fxg3 27. fxg3) 26... Nxb2 ({Less strong is} 26... fxe3 27. Kxd3 exf2 28. Rf1 $19) 27. Bb3+ Kh7 28. Rb6 f3+ {[%mdl 64] Double Attack} ({And not} 28... fxe3 29. Rxb7 Rxf2+ 30. Kxe3 $11) 29. Kf1 fxg2+ 30. Nxg2 Be4 {Threatens to win with ...Nd3.} 31. Bc2 Bxc2 32. Rxb2 Bd3+ 33. Ke1 Be4 34. Rg1 a5 35. Ne3 a4 36. Nc4 (36. Rb4 $142 Rf4 37. Ke2) 36... Rfe8 (36... a3 $142 37. Ra2 Bd5 38. Rxa3 Bxc4 39. Rxa8 Rxa8) 37. Nd6 {[#]} Re7 $4 {[%mdl 8192]} 38. Nxe4 $18 {White stays focused until the end.} a3 39. Ra2 Rb7 {Strongly threatening ...Rb1+.} 40. Kd2 Rb2+ (40... Ra4 {might work better.} 41. Kd3 Rb8) 41. Rxb2 axb2 {[%mdl 4096] Endgame KRN-KR} 42. Rb1 Ra1 43. Rxb2 Rh1 44. h5 Rxh5 45. c4 Rh4 46. Ke3 Rh3+ 47. f3 Rh1 48. Rc2 Re1+ 49. Kf2 Rd1 50. c5 {White mates.} Rd8 51. c6 Rc8 52. c7 h5 53. Nd6 {Weighted Error Value: White=0.43/Black=0.54} 1-0

[Event "African Online-ch U20-Open 2021"]
[Site "Online"]
[Date "2021.02.01"]
[Round "8.18"]
[White "Soojay, Jorah"]
[Black "Dutt Dakshesh"]
[Result "1-0"]
[WhiteElo "1478"]
[BlackElo "1549"]
[Annotator "NA RC"]
[PlyCount "77"]
[EventDate "2021.02.01"]
[EventType "swiss"]
[EventCountry "NET"]
[SourceTitle "playchess.com"]
[Source "ChessBase"]
[SourceQuality "1"]
[TimeControl "1500+10"]

1. e4 {[%emt 0:00:00]} e5 {[%emt 0:00:07]} 2. Nf3 {[%emt 0:00:03]} Nc6 {[%emt 0:00:03]} 3. Bc4 {[%emt 0:00:02]} Bc5 {[%emt 0:00:13]} 4. d3 {[%emt 0:00:12]} Nf6 {[%emt 0:00:07]} 5. Bg5 {[%emt 0:00:05]} O-O {[%emt 0:00:32]} 6. a3 {[%emt 0:00:07]} Be7 {[%emt 0:00:05]} 7. Nc3 {[%emt 0:00:06]} d6 {[%emt 0:00:20]} 8. h3 {[%emt 0:00:11]} h6 {[%emt 0:00:19]} 9. Bh4 {[%emt 0:00:09]} Be6 {[%emt 0:00:42]} 10. Ba2 {[%emt 0:00:37]} a6 {[%emt 0:01:45]} 11. Qd2 {[%emt 0:00:06]} b5 {[%emt 0:00:18]} 12. Bxf6 {[%emt 0:00:11]} Bxf6 {[%emt 0:00:07]} 13. Nd5 {[%emt 0:00:05]} Rb8 {[%emt 0:01:57]} 14. g4 {[%emt 0:00:11]} Re8 {[%emt 0:01:05]} 15. Rg1 {[%emt 0:00:23]} Rc8 {[%emt 0:00:48]} 16. g5 {[%emt 0:00:59]} hxg5 {[%emt 0:00:14]} 17. Nxg5 {[%emt 0:00:04]} Bxg5 {[%emt 0:00:07]} 18. Rxg5 {[%emt 0:00:23]} Nd4 {[%emt 0:01:19]} 19. Rg3 {[%emt 0:00:37]} Qh4 {[%emt 0:02:25]} 20. c3 {[%emt 0:01:01]} Nc6 {[%emt 0:00:35]} 21. O-O-O {[%emt 0:00:08]} Na5 {[%emt 0:01:26]} 22. c4 {[%emt 0:00:36]} Nb7 {[%emt 0:00:44]} 23. Rdg1 {[%emt 0:00:09]} g6 {[%emt 0:00:18]} 24. f4 {[%emt 0:01:07]} exf4 {[%emt 0:00:36]} 25. Nxf4 {[%emt 0:00:06]} Nc5 {[%emt 0:01:07]} 26. Kb1 {[%emt 0:03:00]} bxc4 {[%emt 0:00:24]} 27. Qf2 {[%emt 0:01:20]} Qf6 {[%emt 0:01:01]} 28. Rxg6+ {[%emt 0:00:06]} fxg6 {[%emt 0:00:24]} 29. Rxg6+ {[%emt 0:00:05]} Kf7 {[%emt 0:00:06]} 30. Rxf6+ {[%emt 0:00:06]} Kxf6 {[%emt 0:00:04]} 31. Nxe6+ {[%emt 0:00:07]} Kxe6 {[%emt 0:00:10]} 32. Bxc4+ {[%emt 0:00:02]} Kd7 {[%emt 0:00:14]} 33. Qf5+ {[%emt 0:00:13]} Kc6 {[%emt 0:01:03]} 34. d4 {[%emt 0:00:15]} Na4 {[%emt 0:00:39]} 35. Bxa6 {[%emt 0:00:23]} Rb8 {[%emt 0:00:17]} 36. Qd5+ {[%emt 0:00:05]} Kb6 {[%emt 0:00:18]} 37. Qb5+ {[%emt 0:00:05]} Ka7 {[%emt 0:00:03]} 38. Qxa4 {[%emt 0:00:04]} Rb6 {[%emt 0:00:01]} 39. Bb5+ {[%emt 0:00:05]} 1-0

[Event "African Online-ch U20-Open 2021"]
[Site "Online"]
[Date "2021.02.01"]
[Round "8.20"]
[White "Karania, Hardiv"]
[Black "Belattar, Mohamed Walid"]
[Result "0-1"]
[WhiteElo "1317"]
[BlackElo "1214"]
[Annotator "NA RC"]
[PlyCount "120"]
[EventDate "2021.02.01"]
[EventType "swiss"]
[EventCountry "NET"]
[SourceTitle "playchess.com"]
[Source "ChessBase"]
[SourceQuality "1"]
[TimeControl "1500+10"]

1. d4 {[%emt 0:00:06]} Nf6 {[%emt 0:22:04]} 2. Bf4 {[%emt 0:00:09]} e6 {[%emt 0:00:04]} 3. c3 {[%emt 0:00:11]} b6 {[%emt 0:00:36]} 4. f3 {[%emt 0:00:19]} Bb7 {[%emt 0:00:36]} 5. Nd2 {[%emt 0:00:16]} Be7 {[%emt 0:00:05]} 6. e4 {[%emt 0:00:14]} d5 {[%emt 0:00:08]} 7. e5 {[%emt 0:00:10]} Nfd7 {[%emt 0:00:12]} 8. Bd3 {[%emt 0:00:27]} O-O {[%emt 0:00:17]} 9. Ne2 {[%emt 0:00:07]} c5 {[%emt 0:00:04]} 10. O-O {[%emt 0:00:46]} Nc6 {[%emt 0:00:13]} 11. Qc2 {[%emt 0:00:20]} g6 {[%emt 0:00:16]} 12. b3 {[%emt 0:00:02]} cxd4 {[%emt 0:01:29]} 13. cxd4 {[%emt 0:00:12]} Nb4 {[%emt 0:00:05]} 14. Qb1 {[%emt 0:00:48]} Nxd3 {[%emt 0:00:12]} 15. Qxd3 {[%emt 0:00:13]} a5 {[%emt 0:00:17]} 16. a4 {[%emt 0:00:05]} Ba6 {[%emt 0:00:09]} 17. Qe3 {[%emt 0:00:17]} Bxe2 {[%emt 0:00:34]} 18. Qxe2 {[%emt 0:00:04]} Rc8 {[%emt 0:00:08]} 19. Rac1 {[%emt 0:00:21]} Rxc1 {[%emt 0:00:25]} 20. Rxc1 {[%emt 0:00:05]} Bg5 {[%emt 0:00:06]} 21. Be3 {[%emt 0:00:14]} Bxe3+ {[%emt 0:00:06]} 22. Qxe3 {[%emt 0:00:04]} Qe7 {[%emt 0:00:08]} 23. f4 {[%emt 0:00:18]} Qd8 {[%emt 0:00:19]} 24. Nf3 {[%emt 0:00:04]} Qb8 {[%emt 0:00:05]} 25. Ng5 {[%emt 0:00:16]} h6 {[%emt 0:00:07]} 26. Nf3 {[%emt 0:00:12]} Rc8 {[%emt 0:00:07]} 27. g4 {[%emt 0:00:25]} Kg7 {[%emt 0:00:07]} 28. Nh4 {[%emt 0:00:44]} Rxc1+ {[%emt 0:00:07]} 29. Qxc1 {[%emt 0:00:04]} b5 {[%emt 0:00:04]} 30. Qc6 {[%emt 0:00:43]} bxa4 {[%emt 0:00:29]} 31. Qxa4 {[%emt 0:00:42]} Qa7 {[%emt 0:00:09]} 32. Nf3 {[%emt 0:00:59]} Nb6 {[%emt 0:00:14]} 33. Qa1 {[%emt 0:03:58]} a4 {[%emt 0:00:05]} 34. bxa4 {[%emt 0:00:03]} Qxa4 {[%emt 0:00:10]} 35. Qxa4 {[%emt 0:00:41]} Nxa4 {[%emt 0:00:04]} 36. Kf2 {[%emt 0:00:08]} f6 {[%emt 0:00:19]} 37. h4 {[%emt 0:00:06]} Nc3 {[%emt 0:00:07]} 38. Ke3 {[%emt 0:00:48]} Ne4 {[%emt 0:00:10]} 39. h5 {[%emt 0:00:30]} gxh5 {[%emt 0:00:14]} 40. gxh5 {[%emt 0:00:02]} Ng3 {[%emt 0:00:03]} 41. Nh4 {[%emt 0:00:31]} Nxh5 {[%emt 0:00:06]} 42. f5 {[%emt 0:00:06]} Kf7 {[%emt 0:00:15]} 43. Kf3 {[%emt 0:00:27]} Ng7 {[%emt 0:00:13]} 44. Kf4 {[%emt 0:00:10]} fxe5+ {[%emt 0:00:16]} 45. Kxe5 {[%emt 0:00:16]} Nxf5 {[%emt 0:00:09]} 46. Nf3 {[%emt 0:00:35]} Ke7 {[%emt 0:00:10]} 47. Nh2 {[%emt 0:00:48]} h5 {[%emt 0:00:06]} 48. Nf3 {[%emt 0:00:03]} h4 {[%emt 0:00:04]} 49. Ng5 {[%emt 0:00:06]} Ng3 {[%emt 0:00:17]} 50. Nxe6 {[%emt 0:02:27]} h3 {[%emt 0:00:08]} 51. Nf4 {[%emt 0:01:46]} h2 {[%emt 0:00:08]} 52. Nxd5+ {[%emt 0:00:03]} Kd8 {[%emt 0:00:10]} 53. Nf4 {[%emt 0:00:18]} h1=Q {[%emt 0:00:06]} 54. d5 {[%emt 0:00:02]} Qe4+ {[%emt 0:00:08]} 55. Kd6 {[%emt 0:00:04]} Qxf4+ {[%emt 0:00:03]} 56. Kc6 {[%emt 0:00:02]} Nf5 {[%emt 0:00:08]} 57. d6 {[%emt 0:00:03]} Qxd6+ {[%emt 0:00:03]} 58. Kb7 {[%emt 0:00:03]} Qc5 {[%emt 0:00:11]} 59. Ka8 {[%emt 0:00:03]} Qb5 {[%emt 0:00:06]} 60. Ka7 {[%emt 0:00:03]} Kc7 {[%emt 0:00:06]} 0-1

[Event "African Online-ch U20-Open 2021"]
[Site "Online"]
[Date "2021.02.01"]
[Round "9.1"]
[White "Brahami, Lamine"]
[Black "Mhango, Banele"]
[Result "1/2-1/2"]
[WhiteElo "2194"]
[BlackElo "2117"]
[Annotator "TA"]
[PlyCount "76"]
[EventDate "2021.02.01"]
[EventType "swiss"]
[EventCountry "NET"]
[SourceTitle "playchess.com"]
[Source "ChessBase"]
[SourceQuality "1"]

{[%evp 17,76,26,35,7,17,7,0,0,0,-15,-25,-75,-75,-77,-54,-70,-74,-52,-65,-85,-49,-47,-45,-51,-29,-84,-65,-65,-60,-64,-71,-82,-73,-67,-57,-98,-66,-61,-48,-52,-45,-62,-55,-87,-89,-95,-32,-56,-27,-51,-58,-101,-91,-102,-48,-60,0,-102,0,-55,0]} 1. d4 Nf6 2. Nf3 g6 3. Bf4 Bg7 4. e3 d6 5. Be2 O-O 6. h3 Nfd7 7. c4 e5 8. Bh2 Nc6 9. Nc3 f5 10. dxe5 {E61: King's Indian: Early deviations for White, including Smyslov System.} Ndxe5 11. O-O Be6 12. Qa4 {The position is equal.} Nd7 {[#]} 13. Nd5 $146 ({Predecessor:} 13. Qc2 Nce5 14. b3 c6 15. Rad1 Qe7 16. Nd4 Rad8 17. Rd2 Nf6 18. Nxe6 Qxe6 19. Rfd1 Rfe8 20. Bf1 a6 21. a4 a5 22. Qb1 {½-½ (22) Giannatos,P (2272)-Zapata,A (2438) Greensboro 2017}) 13... Nb6 14. Qb3 {[#]} Na5 $1 {[%cal Ra5b3]} 15. Qb4 {[#]} Naxc4 16. Bxc4 Nxc4 (16... Nxd5 $6 17. Qxb7 Rb8 18. Qxa7 $11) (16... Bxd5 $6 17. Bxd5+ Nxd5 18. Qxb7 $14) 17. Qxc4 {And now Qd3 would win.} c6 18. Rad1 Bxd5 ({Much worse is} 18... cxd5 $6 19. Qb4 $11) 19. Rxd5 cxd5 20. Qxd5+ {[%mdl 64] Double Attack} Kh8 21. Nd4 (21. Bxd6 $11 {keeps the balance.} Re8 22. b4) 21... Bxd4 22. Qxd4+ Qf6 {aiming for ...Qxd4.} 23. Qb4 Rf7 24. Bxd6 Kg8 25. Bc5 Qe6 26. Bd4 Rc8 27. Bc3 Rd8 (27... Qxa2 $6 28. Qd4 $11) 28. Qf4 Qe7 ({But not} 28... Qxa2 $2 29. Qe5 $18) 29. h4 b6 30. h5 {[#] White wants to play hxg6.} g5 {[%cal Rg5f4]} ({Reject} 30... gxh5 $6 31. a3 $11) 31. Qc4 h6 (31... Qe4 $17 32. Bd4 f4) 32. a4 Qc5 (32... Qe4 {is interesting.} 33. Bd4 f4 34. a5 f3 35. g3 Qg4) 33. Qe6 Qd6 $1 {[%cal Rd6e6]} 34. Qb3 Qd5 35. Qc2 Qe4 ({Black should play} 35... Rc7 $17 36. Qb1 Qe4) 36. Qb3 $15 Qd5 37. Qc2 Qe4 38. Qb3 Qd5 {Weighted Error Value: White=0.12/Black=0.16} ({Better is} 38... Qc6 $15) 1/2-1/2

[Event "African Online-ch U20-Open 2021"]
[Site "Online"]
[Date "2021.02.01"]
[Round "9.2"]
[White "Lutuima, Amaro"]
[Black "Junior, Domingos"]
[Result "0-1"]
[WhiteElo "2050"]
[BlackElo "1894"]
[Annotator "TA"]
[PlyCount "75"]
[EventDate "2021.02.01"]
[EventType "swiss"]
[EventCountry "NET"]
[SourceTitle "playchess.com"]
[Source "ChessBase"]
[SourceQuality "1"]

{[%evp 9,75,-48,-55,-52,-52,-44,-56,-54,-50,-63,-55,-66,-60,-104,-99,-103,-100,-99,-95,-96,-97,-150,-117,-123,-116,-157,-133,-161,-150,-180,-176,-180,-180,-180,-181,-203,-182,-216,-185,-224,-180,-247,-230,-817,-766,-2089,-2042,-1930,-1890,-1810,-1620,-1742,-1647,-2129,-1787,-29963,-6317,-6317,-6219,-29988,-29989,-29989,-29990,-29990,-29991,-29991,-29992,-29992]} 1. e4 c6 2. d4 d5 3. c4 dxe4 4. f3 exf3 5. Nxf3 Nf6 6. Nc3 {B12: Caro-Kann: Advance Variation.} Bf5 7. Bd3 Bxd3 8. Qxd3 {Black is slightly better.} e6 9. Bg5 Nbd7 10. O-O {[#]} Be7 $146 ({Predecessor:} 10... Qc7 11. Bxf6 Nxf6 12. Ne4 Nxe4 13. Qxe4 Be7 14. Ne5 O-O 15. Rf3 Bd6 16. Rh3 g6 {0-1 (43) Bauer,B-Wastian,J playchess.com INT 2008}) 11. Bxf6 {White is now going downhill.} Nxf6 12. Rad1 O-O 13. Kh1 Qc7 14. Rfe1 Rad8 15. Ne4 (15. a3 $142) 15... Nxe4 16. Qxe4 Bf6 17. b4 Qd6 18. c5 Qd5 19. Qxd5 Rxd5 ({Resist} 19... cxd5 20. b5 $15) 20. Rd2 Rfd8 {[%cal Rf6d4]} 21. Red1 g5 22. h3 Kg7 23. Kg1 Kg6 24. Kf2 Bg7 25. Ke3 (25. g4 {was called for.}) 25... f5 $19 26. Ne5+ $2 {[#]} (26. g4) 26... Bxe5 27. dxe5 Rxd2 28. Rxd2 Rxd2 29. Kxd2 {[%mdl 4096] Endgame KP-KP} f4 30. Kd3 Kf5 31. Kd4 h5 32. a4 a5 33. bxa5 g4 34. h4 g3 {Black mates.} 35. a6 bxa6 36. Kc4 f3 {[%mdl 64] [#] Promotion} 37. gxf3 g2 38. Kb4 {Weighted Error Value: White=1.06/Black=0.16} 0-1

[Event "African Online-ch U20-Open 2021"]
[Site "Online"]
[Date "2021.02.01"]
[Round "9.3"]
[White "Mohamed Abderrahim, Taleb Mohamed"]
[Black "Khumalo, Keith"]
[Result "1-0"]
[WhiteElo "1799"]
[BlackElo "2142"]
[Annotator "TA"]
[PlyCount "127"]
[EventDate "2021.02.01"]
[EventType "swiss"]
[EventCountry "NET"]
[SourceTitle "playchess.com"]
[Source "ChessBase"]
[SourceQuality "1"]

{[%evp 9,127,-49,-21,-40,-33,-55,-25,-33,-33,-42,-29,-33,-26,-34,-29,-30,-14,-28,-16,-27,-13,-23,0,0,16,13,27,20,25,22,56,0,60,-84,0,-137,-136,-130,-99,-189,-59,-62,-84,-129,-141,-117,-123,-101,-47,-77,-30,-237,-238,-210,-119,-129,-118,-108,-67,-67,-59,-56,-74,-63,-41,-43,-12,-5,0,-40,0,0,0,0,276,235,373,351,402,337,732,739,567,366,140,0,191,18,24,-126,-89,-414,0,0,0,4,115,0,0,0,0,0,1239,1216,9389,2550,12829,12830,12831,12832,12825,1797,12833,12835,12829,12830,12840,12840,12840,1328]} 1. e4 c5 2. a3 g6 3. h4 h5 4. b4 Bg7 5. Nc3 d6 6. Nf3 {[#] B20: Sicilian: Unusual White 2nd moves.} Nc6 $146 ({Predecessor:} 6... Nf6 7. g3 O-O 8. Bg2 Bg4 9. bxc5 dxc5 10. O-O Nc6 11. Qe1 Nd7 12. Rb1 b6 {1-0 (41) Aleskerov,F (2331)-Ashe,B (2193) Santa Clara 2014}) 7. Bb5 Bd7 8. bxc5 {Black has an edge.} dxc5 9. Bb2 a6 10. Bxc6 Bxc6 11. O-O Nh6 12. Qe2 O-O 13. Nd1 Bxb2 14. Nxb2 Ng4 15. d3 Qc7 16. Nc4 f5 17. e5 b5 18. Ncd2 Rfd8 19. Rfe1 Rd5 20. Nf1 (20. c3 $14) 20... Rd7 (20... e6 $11) 21. N3h2 (21. Ng5 $14 {keeps the upper hand.}) 21... Bb7 (21... Nxh2 $17 22. Nxh2 Rd4) 22. Nxg4 (22. Nf3 $1 $11 {keeps the balance.}) 22... hxg4 $17 23. Qe3 e6 24. Qg5 (24. Nd2 $17 {was worth a try.}) 24... Rg7 (24... Qc6 $19 {[%csl Gb7][%cal Rc6g2]} 25. Ne3 Rf8) 25. Rad1 Qd8 26. Qf6 Qd7 27. Ne3 Rf8 28. Qg5 Qd4 ({Black should try} 28... Rh7 $17 29. h5 (29. Qxg6+ $2 Rg7 $19) 29... Qg7 30. hxg6 (30. Qxg6 $2 Qxg6 31. hxg6 Rh4 $17) 30... Rh6) 29. Nf1 Bc6 30. Qe3 $2 (30. c4 $11) 30... Qd5 $1 $19 {[%csl Gc6][%cal Rd5g2]} 31. Qg3 Bb7 (31... Rh7 $19 32. d4 c4) 32. d4 $17 cxd4 33. c3 d3 (33... Qc5 {is interesting.} 34. Rxd4 Qxa3 35. Qe3 Qe7 36. Qh6 a5) 34. Rxd3 {[#]} f4 $1 35. Rxd5 fxg3 36. Rd2 {[#]} Rd7 $1 {White must now prevent ...Rxd2.} 37. Ree2 gxf2+ (37... Rxd2 {with more complications.} 38. Rxd2 gxf2+ 39. Rxf2 Rc8 40. Rd2 Kf8) 38. Rxf2 Rxf2 39. Rxf2 $15 {[%mdl 4096] Endgame KRB-KRN} (39. Kxf2 {is more complex.} Rf7+ 40. Ke1 Kg7 41. Ne3 g3 42. Rd4) 39... Rd1 (39... Kg7 {keeps more tension.} 40. Rd2 Rc7 41. Rd6 Bc8 42. Rd3 g5) 40. Rd2 Rxd2 41. Nxd2 $11 {KB-KN} Kf8 $2 {[%mdl 8192]} (41... g3 $1 $11 {and Black has nothing to worry.}) 42. Kf2 Ke7 (42... Kg7 {keeps fighting.} 43. Kg3 Kh6) 43. g3 $18 Kd7 44. Ke3 Kc6 $2 (44... Ke7 45. Nb3 Bd5) 45. Kf4 Kd5 46. Ne4 Bc6 $2 (46... Ba8 $18 47. Nf2 Bc6) 47. Nd2 ({Better is} 47. Nd6 $16) 47... a5 $2 (47... Bb7 $11) 48. Nb3 $2 ({White has to play} 48. Kg5 $1 $18 {[%cal Rg5g6]}) 48... a4 $11 49. Nd4 (49. Nd2 $1 $11) 49... Bd7 {aiming for ...Kc4.} 50. Kxg4 $2 {[%mdl 8192] [#]} (50. Ne2 $17) 50... Kxe5 $2 (50... Kc4 $1 $19 {[%cal Rc4c3]} 51. Ne2 Kb3) 51. Kg5 Kd5 (51... Ke4 {looks sharper.} 52. g4 b4 53. cxb4 Kxd4 54. Kxg6 e5) 52. Kxg6 e5 (52... b4 $1 $11 {remains equal.} 53. cxb4 Kxd4) 53. Ne2 (53. Nf5 $16 b4 54. cxb4 Bxf5+ 55. Kxf5) 53... Bg4 54. Nc1 {h5 is the strong threat.} Kc4 {And now ...Bd1 would win.} 55. h5 Kxc3 $2 {[%mdl 8192]} (55... Bf3 $11) 56. h6 $18 {White is clearly winning.} Bd1 57. Na2+ Kb2 58. Nb4 ({Not} 58. h7 $2 Bc2+ 59. Kh6 {[#]} Bxh7 $1 $19 {[%mdl 512]}) 58... Kxa3 {[#]} 59. h7 $1 Kxb4 60. h8=Q (60. Kg5 $142 Kb3 61. h8=Q) 60... a3 61. Qxe5 {Qd4+ would kill now.} Bc2+ 62. Kf6 a2 63. Qb2+ Bb3 64. g4 {A wild game.  Weighted Error Value: White=0.60/Black=0.61} 1-0